000 00351nam a2200157Ia 4500
003 Ost
005 20260225132546.0
008 260225s9999||||xx |||||||||||||| ||und||
040 _cfsic
041 _afre
082 _a440
100 _aHonoré de Balzac
_eAuteur
245 0 _aIllusions perdues /
245 0 _cHonoré de Balzac
942 _cكتاب
999 _c33865
_d33865